|
|
|
|
| LEADER |
00000nam2a2200000 4500 |
| 001 |
153031 |
| 005 |
20231101221650.0 |
| 029 |
0 |
0 |
|a SU
|b 04-08
|c ОКП
|
| 035 |
|
|
|a (RuTPU)RU\TPU\book\165925
|
| 090 |
|
|
|a 153031
|
| 100 |
|
|
|a 20090208d2009 k y0rusy50 ca
|
| 101 |
0 |
|
|a rus
|
| 102 |
|
|
|a RU
|
| 105 |
|
|
|a a b 001zy
|
| 200 |
0 |
|
|a Т. 3
|
| 210 |
|
|
|d 2009
|
| 215 |
|
|
|a 132 с.
|c ил.
|
| 320 |
|
|
|a Перечень производителей: с. 132.
|
| 461 |
|
1 |
|0 (RuTPU)RU\TPU\book\141993
|t Современное энергосберегающее котельное оборудование
|o отраслевой каталог 04-08
|f Институт промышленных каталогов (Инпромкаталог)
|v Т. 3
|d 2008
|s Каталог
|
| 606 |
1 |
|
|a Котельное оборудование
|2 stltpush
|3 (RuTPU)RU\TPU\subj\15913
|9 42111
|
| 610 |
1 |
|
|a котельные установки
|
| 610 |
1 |
|
|a энергосбережение
|
| 610 |
1 |
|
|a энергосберегающее оборудование
|
| 610 |
1 |
|
|a образцы
|
| 610 |
1 |
|
|a технические характеристики
|
| 610 |
1 |
|
|a конструктивные особенности
|
| 610 |
1 |
|
|a схемы
|
| 610 |
1 |
|
|a изготовители
|
| 610 |
1 |
|
|a отраслевые каталоги
|
| 675 |
|
|
|a 621.181(085)
|v 3
|
| 801 |
|
1 |
|a RU
|b 63413507
|c 20090208
|g PSBO
|
| 801 |
|
2 |
|a RU
|b 63413507
|c 20091221
|g PSBO
|
| 942 |
|
|
|c BK
|